[Event "Biel"]
[Site "Biel"]
[Date "1986.07.22"]
[Round "3"]
[White "Cebalo, Miso"]
[Black "Rogers, Ian"]
[Result "1-0"]
[WhiteElo "2475"]
[BlackElo "2515"]
[Annotator "Dolmatov,S"]
[PlyCount "105"]
[EventDate "1986.07.20"]
[EventType "tourn"]
[EventRounds "11"]
[EventCountry "SUI"]
[EventCategory "12"]
[SourceTitle "MCL"]
[Source "ChessBase"]
[SourceDate "1999.07.01"]
[SourceVersion "1"]
[SourceVersionDate "1999.07.01"]
[SourceQuality "1"]

1. d4 Nf6 2. Nf3 g6 3. c4 Bg7 4. Nc3 d5 5. Qa4+ c6 (5... Bd7 $5 6. Qb3 dxc4 7.
Qxc4 O-O 8. e4 b5 9. Nxb5 Nxe4 $13) 6. cxd5 Nxd5 7. e4 Nb6 (7... Nxc3 8. bxc3
O-O 9. Ba3 Qc7 10. Be2 c5 $10 {Razuvaev,Y}) 8. Qd1 (8. Qc2 Bg4 9. Ne5 Be6 10.
Be3 O-O 11. Rd1 $14) 8... O-O 9. Be2 Bg4 10. Be3 Bxf3 (10... N8d7 11. O-O Bxf3
12. Bxf3 Nc4 $10 {Bukic,E-Timman,J/Banja Luka/1974/}) 11. gxf3 (11. Bxf3 Nc4
$10) 11... f5 12. Qd2 Qd6 (12... Na6 $22 13. e5 Nc7) 13. e5 Qb4 14. f4 (14. a3
Qb3 15. f4 Rd8 $13 (15... Nc4 $6 16. Qd1 Qxd1+ 17. Kxd1 $14)) 14... e6 (14...
N8d7 15. h4 Rad8 $132) 15. a3 Qe7 16. h4 h5 17. O-O-O Kh7 $10 (17... a5 $6 18.
Rdg1 Kh7 19. Rg3 Bh6 20. Rhg1 $40) 18. Qc2 Bh6 (18... a5 19. Na4 Nxa4 20. Qxa4
b5 21. Qc2 Nd7 22. Kb1 Rfc8 $10) 19. Kb1 N8d7 20. Qb3 Rfb8 (20... a5 21. Na4
Nxa4 22. Qxa4 b5 23. Qc2 Rfc8 $10) 21. Rc1 Nf8 22. Rcg1 Rd8 23. Rh3 Rd7 24. Bf3
Rad8 25. Na4 Nxa4 26. Qxa4 a6 27. Qc4 Qe8 28. Qc5 Rg7 29. Qb4 Qe7 30. Qb3 Re8
31. Rc1 Qd8 32. Rhh1 Rd7 33. Ka2 Rde7 34. Rc4 Qd7 35. Rhc1 Rg7 36. Rb4 Ree7 37.
Qc2 Qd8 38. Qb3 Rd7 39. Rh1 Qe7 40. Qc2 Qd8 41. Qb3 Rc7 42. Rc4 Rce7 43. Rb4
Kg8 44. Rc1 Kh8 $4 (44... Rd7 $10) 45. Bxc6 Rc7 (45... bxc6 46. Rb8 $18) 46.
Rxb7 $18 Qxh4 47. Rxc7 Rxc7 48. Qb8 Rxc6 (48... Re7 49. d5 $18) 49. Rxc6 Qh1
50. Rc5 h4 51. Qd8 Kg8 52. d5 exd5 53. e6 1-0

[Event "Gibraltar Masters 17th"]
[Site "Caleta"]
[Date "2019.01.31"]
[Round "10"]
[White "Edouard, Romain"]
[Black "Gallego Alcaraz, Andres Felipe"]
[Result "1-0"]
[WhiteElo "2643"]
[BlackElo "2502"]
[Annotator "Edouard,R"]
[PlyCount "55"]
[EventDate "2019.01.22"]
[EventType "swiss"]
[EventRounds "10"]
[EventCountry "GGB"]
[SourceTitle "CBM 188 Extra"]
[Source "ChessBase"]
[SourceDate "2019.02.26"]
[SourceVersion "1"]
[SourceVersionDate "2019.02.26"]
[SourceQuality "1"]

1. Nf3 Nf6 2. c4 g6 3. Nc3 d5 4. cxd5 Nxd5 5. Qb3 Nb6 6. d4 Bg7 7. Bf4 $5 {
A very tricky variation, where Black should know his stuff well.} Be6 $1 {
The best move.} (7... O-O $143 {allows} 8. Rd1 $1 {restricting Black's
possibilities, since} Be6 {is now met by} 9. d5 $1 {and if} Bxc3+ $6 10. bxc3
Bxd5 $2 {White wins with} 11. c4 $1 Nxc4 12. e4 $18) 8. Qa3 O-O (8... Nc6 9. e3
a5 10. Bb5 O-O 11. Bxc6 bxc6 12. O-O Nc4 $1 13. Qc5 Nxb2 14. Qxc6 Nd3 15. Bg3
Nb4 16. Qc5 Na6 17. Qb5 c5 $1 18. Rfd1 $36 {and Black couldn't fully equalize
in Jakovenko,D (2713)-Navara,D (2715) Achaia 2013.}) (8... c5 $5 {should be
critical; and it's a typical Grunfeld move!} 9. Qxc5 $1 (9. dxc5 $6 Nc4 $1 10.
Qb4 O-O {is just great for Black:} 11. e3 (11. Qxb7 $6 Qa5 $40) 11... Na6 12.
Qb5 Rc8 $1 $132) (9. e4 cxd4 $1 10. Nb5 O-O $1 11. Nc7 Nc6 12. Nxa8 Qxa8 13.
Rc1 f5 $1 $44 {½-½ (66) Navara,D (2729)-Wei,Y (2675) Wijk aan Zee 2015.})
9... Nc6 10. e4 $5 (10. e3 Rc8 11. Qa3 O-O 12. Be2 Nc4 13. Qa4 Nxb2 14. Qb5 Qb6
$1 (14... Nc4 $6 15. O-O Qa5 16. Rfc1 {wasn't as precise in 1-0 (30) Le,Q 
(2703)-Navara,D (2706) Belfort 2012}) 15. Qxb6 axb6 16. Rb1 Na5 $1 17. Rxb2
Rxc3 18. O-O {This was played three times and now the engine comes up with an
improvement.} Nc4 $5 $146 (18... Rfc8 19. Rxb6 Ra3 20. Ne5 $14 {1-0 (43) Zhou,
W (2616)-Robson,R (2628) Ningbo 2013}) 19. Rb4 Rc8 20. h3 Bd5 21. Ne5 Nxe5 22.
dxe5 R8c5 $11) 10... Rc8 (10... Nxd4 $6 {I don't like this move, which gains
the pawn back, but accept to lose some time with his king} 11. Nxd4 Bxd4 12.
Bb5+ Kf8 13. Qa3 a6 14. Be2 $14 {is what we are hoping for.}) 11. Qa3 $5 (11.
Bb5 O-O 12. Bxc6 Rxc6 13. Qb4 {½-½ (78) Radjabov,T (2738)-Vachier Lagrave,M 
(2758) Berlin 2015} f5 $5 $13) 11... Nxd4 12. O-O-O $1 $146 O-O $1 13. e5 Nc4
$1 14. Qxa7 Qc7 $1 $146 {Computer move.} (14... Nb5 $6 15. Rxd8 Nxa7 16. Rxc8
Rxc8 17. Nd4 $1 Nxe5 18. Nxe6 fxe6 19. Kb1 $14 {1-0 (49) Wang Hao (2711)
-Mikhalevski,V (2538) Gibraltar 2018}) 15. Rxd4 (15. Bxc4 $6 Nxf3 16. Bxe6 fxe6
$15) (15. Qxd4 $2 Rfd8 $17) 15... Ra8 16. Rxc4 Bxc4 17. Qe3 Bxa2 {and Black
should objectively slightly worse (e.g. 18.Bd3) but he has good practical
chances.}) 9. e4 (9. e3 $5 {is definitely interesting as well, e.g.} N8d7 10.
Rd1 c6 11. Ng5 $1 Bd5 $1 (11... Bc4 12. Bxc4 Nxc4 13. Qb3 e5 14. dxe5 Ncxe5 15.
O-O Qb6 16. Qc2 $14 {1-0 (62) Wang,H (2715)-Li,C (2613) China 2010}) (11... Bf5
$6 12. e4 Bg4 13. Be2 $1 Bxe2 14. Nxe2 Qe8 15. Qh3 h6 16. Nf3 h5 17. e5 $5 Nd5
18. g4 $1 {went wrong for Black in 1-0 (32) Duda,J (2739)-Ivanchuk,V (2710)
Batumi 2018}) 12. e4 e5 13. dxe5 Re8 $1 {Shown by Grischuk.} 14. Nf3 (14. exd5
$2 Bxe5 15. Be3 Qxg5 $1 16. Bxg5 $4 Bxc3#) 14... Nxe5 15. Nxe5 Bxe5 16. Bxe5
Rxe5 17. Bd3 Qe7 18. Qxe7 Rxe7 19. f3 f5 20. Kf2 fxe4 21. Bxe4 Bxe4 22. Nxe4
$36 Nd5 23. Rhe1 Kg7 24. a3 {½-½ Jakovenko,D (2709)-Grischuk,A (2742)
Sharjah 2017.}) 9... c6 10. h4 $5 (10. Rd1 {with the idea 11.h4 is Adrien
Demuth's recommendation in his book "The Modernized Reti". But I believe
playing h4 right away could be even stronger.}) 10... N8d7 $6 $146 (10... h6 {
looked like the natural answer, but even then, the only game played went wrong
for Black pretty quickly:} 11. O-O-O N8d7 12. Kb1 Bg4 13. Be2 Qe8 14. e5 Nd5
15. Nxd5 cxd5 16. Qe3 h5 17. Ng5 $16 {½-½ (38) Lesiege,A (2517)-Mikhalevski,
V (2533) Quebec 2017.}) 11. h5 Bg4 12. hxg6 hxg6 13. e5 $1 {Preventing ...e5
for good.} Bxf3 (13... Re8 {with the idea ...Nf8 is the engine suggestion, but
it simply looks awful for Black!}) 14. gxf3 e6 (14... Nd5 15. Nxd5 cxd5 16.
O-O-O $16) 15. O-O-O Qc7 16. Be3 Rfc8 17. f4 {Getting ready to answer ...c5
with d5.} Nd5 (17... Bf8 18. Qb3 c5 {looked to me like the best practical try,
but anyway after the simple} 19. Kb1 {White has a decisive advantage.}) 18. Kb1
Bf8 19. Qb3 Qb6 20. Qc2 Nxc3+ (20... c5 21. Nxd5 exd5 22. f3 $1 $18 {/\Qh2})
21. Qxc3 Qb4 22. Qc2 Bg7 23. Bd3 Qe7 24. Be4 Rc7 25. Rdg1 Re8 $2 (25... Nf8 {
was the only way to keep the game going.}) 26. Bxg6 $1 fxg6 27. Qxg6 Nb6 (27...
Qf7 28. Rh8+ $18) (27... Nf8 28. Qh5 $18) 28. f5 1-0

[Event "Match/Team URS-World 20,5-19,5"]
[Site "Belgrade"]
[Date "1970.04.04"]
[Round "4.2"]
[White "Petrosian, Tigran V"]
[Black "Fischer, Robert James"]
[Result "1/2-1/2"]
[WhiteElo "2650"]
[BlackElo "2720"]
[Annotator "Fischer/Petrossian"]
[PlyCount "104"]
[EventDate "1970.03.29"]
[EventType "team"]
[EventRounds "4"]
[EventCountry "YUG"]
[SourceTitle "MCL"]
[Source "ChessBase"]
[SourceDate "1999.07.01"]
[SourceVersion "1"]
[SourceVersionDate "1999.07.01"]
[SourceQuality "1"]
[WhiteTeam "Soviet Union"]
[BlackTeam "World"]
[WhiteTeamCountry "URS"]
[TimeControl "40/9000:16/5400:0"]

1. c4 g6 2. d4 Nf6 3. Nc3 d5 4. Nf3 Bg7 5. cxd5 Nxd5 6. Bd2 c5 (6... O-O $142
7. Rc1 Nxc3 (7... Nb6 8. e3 N8d7 {P e5}) 8. Bxc3 Qd5 {Fischer=:F}) 7. Rc1 $1 {F
} Nxc3 (7... cxd4 $2 8. Nxd5 {F}) 8. Bxc3 cxd4 9. Nxd4 O-O 10. e3 Qd5 $1 {
Petrosian=:P/= F} (10... a6 {Evans,L} 11. Bc4 b5 12. Qf3 $14 {F}) 11. Nb5 (11.
Qb3 Qe4 $1 {P/F}) (11. a3 Rd8 {F}) 11... Qxd1+ 12. Rxd1 Nc6 13. Bxg7 (13. Bc4
a6 (13... Bf5) 14. Bxg7 axb5 $1 15. Bxf8 bxc4 16. Bh6 Rxa2 $10 {F}) 13... Kxg7
14. Be2 Bf5 {P 15... ac8 F} 15. g4 a6 $1 {P/F} (15... Be6 $2 16. Nc7 {F}) 16.
Nc3 (16. Nc7 $2 Rac8 17. Nxa6 Be6 (17... Be4 18. f3 Bxf3 19. Bxf3 bxa6 $15 {
<->B F}) 18. Nc5 Bxa2 $13 {F}) 16... Be6 17. f4 Rfd8 18. Kf2 Nb4 19. a3 Nd5 20.
Ne4 Nf6 (20... Rac8 $2 21. Ng5 {P} Rc2 22. Nxe6+ fxe6 23. e4 {F}) 21. Nxf6 exf6
(21... Kxf6 22. g5+ Kg7 23. Bf3 Rac8 24. Bxb7 Rc2+ 25. Kg3 Rxd1 26. Rxd1 Rxb2
27. Bxa6 Rb3 $10 28. Rd3 $4 Rb6 $19 {F}) 22. Bf3 Rac8 23. Rxd8 Rxd8 24. Rd1 Rc8
$2 {F} (24... Rxd1 25. Bxd1 Kf8 {F}) 25. Rd2 (25. Bxb7 Rc2+ 26. Kg3 Rxb2 27.
Bxa6 Rb3 28. Rd3 $4 Rb6 {P}) 25... Rc7 26. h4 h6 27. Kg3 {P 28. d6, 29. b6 F}
b5 28. Rd6 Rc2 29. b4 Rc3 30. Rxa6 Bc4 $1 {F} (30... Rxe3 31. Kf2 {P 32. e2 P}
Rc3 32. Be2 {F}) 31. f5 (31. Kf2 Rc2+ 32. Ke1 Rc3 33. Kd2 $2 Rd3+ {F}) 31... g5
(31... Rxe3 32. Kf4 Re1 33. fxg6 fxg6 34. Ra7+ Kf8 35. Be4) 32. hxg5 hxg5 33.
Kf2 Rc2+ 34. Kg1 Rc1+ 35. Kg2 Rc2+ 36. Kg3 Rc3 37. Kf2 Rc2+ 38. Ke1 Rc3 39. Ra5
Rxe3+ 40. Kf2 Rd3 {adjourned} 41. Bc6 Kf8 42. Bxb5 Bxb5 43. Rxb5 Rxa3 $10 {F}
44. Rd5 Rb3 45. Rd4 Ke7 46. Ke2 Ra3 47. Kd2 Rb3 48. Kc2 Re3 $1 {F} 49. Kb2 (49.
Rd3 Re4) (49. b5 Re5 50. Rb4 Kd6 51. b6 Re8 52. b7 Kc7 {F}) 49... Ke8 50. Kc1
Re2 $1 {F} (50... Ke7 $2 51. Kc2 $1 Ke8 (51... Ra3 52. Rd3 $1 $18 {F}) 52. b5
Re5 53. b6 Rb5 54. Rd6 Ke7 55. Rc6 $18 {F}) 51. Kd1 (51. b5 Re5 52. b6 Rb5 53.
Rd6 Ke7 54. Rc6 Rb4) 51... Ra2 52. Ke1 Rb2 1/2-1/2

[Event "MK Cafe Cup-A"]
[Site "Koszalin"]
[Date "1999.08.12"]
[Round "9"]
[White "Malaniuk, Vladimir P"]
[Black "Ftacnik, Lubomir"]
[Result "1-0"]
[WhiteElo "2525"]
[BlackElo "2589"]
[Annotator "Ftacnik,L"]
[PlyCount "81"]
[EventDate "1999.08.03"]
[EventType "swiss"]
[EventRounds "9"]
[EventCountry "POL"]
[SourceTitle "CBM 073"]
[Source "ChessBase"]
[SourceDate "1999.12.01"]
[SourceVersion "1"]
[SourceVersionDate "1999.12.01"]
[SourceQuality "1"]

1. d4 {Krasenkow,M} Nf6 2. c4 g6 3. Nc3 d5 4. cxd5 Nxd5 5. Bd2 Bg7 6. e4 Nb6 7.
Be3 O-O 8. Be2 Nc6 9. Nf3 Bg4 10. d5 Bxf3 11. Bxf3 ({As} 11. gxf3 {Krasenkow,M}
Na5 {is not very promising for White (see previous CBMs), he is looking for
other options.}) 11... Ne5 (11... Na5 $5 {Krasenkow,M} 12. O-O Nac4 13. Bc1 c6)
12. Be2 c6 {Krasenkow,M: 'Not a good idea. Black should urgently do something
with his e5 knight. This is one of the cases when a knight is placed very
badly in the centre. First, it is vulnerable to f2-f4 etc., second, it
disturbs Black's other pieces. '} (12... Nec4 $1 {Krasenkow,M} 13. Bc1 e6 14.
dxe6 Qxd1+ 15. Bxd1 fxe6 $11) 13. Qb3 cxd5 14. Rd1 $5 {[%mdl 4] This position
is quite challenging for black as white wants to get slightly better position
with pishop's pair. Krasenkow,M: 'White is playing similarly to the 11.gxf3
Ne5? line being, however, a tempo down.'} (14. Bxb6 $6 Qxb6 15. Qxb6 axb6 16.
Nxd5 Nc6 17. Nxb6 Bxb2 $15) (14. exd5 {Krasenkow,M} Rc8 $11) 14... Qc8 {
'?' Krasenkow,M. Krasenkow,M: 'Lubomir Ftacnik doesn't follow his own
recommendation! The text move is artificial and throws Black into serious
trouble. However, he has some problems anyway.'} (14... Nec4 $5 15. Bc1 (15.
Nxd5 Nxe3 16. Nf6+ Bxf6 17. Rxd8 Nxg2+ 18. Kf1 Rfxd8 19. Kxg2 Rd2 20. e5 $5 (
20. Qe3 Rxb2 21. e5 Nd5 22. Qf3 Rxe2 23. exf6 e6 24. Rc1 Rd2 $17) 20... Rxe2 (
20... Bxe5 21. Qe3 Bf4 (21... Rd5 22. Bf3 Bd4 23. Qxe7 Rd7 24. Qe2 $11) 22.
Qxe7 Nd5 23. Qe4 Bd6 24. Bc4 Nf4+ 25. Kf3 Rc8 26. Rc1 Rxc4 27. Qxc4 Rd3+ 28.
Ke4 Kg7 29. Qxd3 Nxd3 30. Kxd3 Bxh2 $11) 21. exf6 exf6 22. Rc1 (22. a4 Rd8 $1 (
22... Re5 23. Rc1 Rae8 24. Rc7 R8e7 25. Rxe7 Rxe7 26. a5 Nc8 27. Qd5 $16) 23.
a5 Nd5 24. Qxb7 Nf4+ 25. Kf3 g5 26. Qa6 Re5 $19) 22... Re7 $15) 15... d4 (15...
e6 16. exd5 Na5 17. Qb5 Nxd5 18. Nxd5 exd5 19. Rxd5 Qc7 20. Be3 Nc6 21. O-O
Rad8 $14) 16. Bxc4 Qc8 17. Bxf7+ (17. Nd5 Qxc4 18. Qxc4 Nxc4 19. b3 Nb6 20.
Nxe7+ Kh8 21. Ba3 Rfe8 $17) 17... Rxf7 18. Ne2 (18. Nb5 $6 a6 $1 19. Na3 Nd7
$15) 18... e5 19. f3 $11) (14... e6 15. exd5 exd5 16. Nxd5 Nxd5 17. Rxd5 Qc7
18. O-O b6 19. Rc1 Qb7 20. Rcd1 $16) (14... Nc6 $2 {Krasenkow,M} 15. exd5 Na5 {
[%csl Ra5]} 16. Qb4 Nc8 17. O-O Nd6 18. Nb5 b6 19. Nxd6 exd6 20. Ba6 Re8 21.
Qa3 Qh4 22. Rc1 Re4 23. g3 Qh5 24. Rc2 Qxd5 25. Rfc1 Rae8 26. b4 $1 {Bagirov,
V-Minzer,C/Anibal op4th 1997/1-0 (55)}) (14... Rc8 $5 {Krasenkow,M} 15. exd5 $5
(15. Bxb6 Qxb6 16. Qxb6 axb6 17. Nxd5 Rc2) (15. Nxd5 Nxd5 16. Rxd5 (16. exd5 $5
Qa5+ 17. Bd2 Qc7) 16... Qc7 17. Bxa7 Qc2 $132 {Ftacnik}) 15... Nec4 16. Bc1 $14
{[%csl Gc1,Gd5,Ge2]}) 15. Nxd5 $1 Nxd5 16. exd5 {Krasenkow,M: 'Now it is not
easy for Black to complete his development as his queen is misplaced and the
c4 square is unavailable for his knight, which, therefore, has no good
prospects. Meanwhile, White has a pair of bishops and a strong d5 pawn.'} (16.
Rxd5 e6 17. Rc5 Qd7 18. O-O Rfd8 19. Rd1 Qe7 20. Rdc1 $16) 16... Ng4 $6 (16...
a6 17. O-O (17. Qb4 Re8 18. f4 Ng4 19. Bc5 Qd7) 17... b5 $1 18. Bd4 (18. Rc1
Qd7 19. f4 Nc4 20. Bxc4 bxc4 21. Qxc4 Bxb2 $11) 18... Rd8 19. f4 Nc4 20. Bxg7
Kxg7 21. Qc3+ Kg8 22. f5 $14) 17. Bf4 Qf5 18. Bg3 $1 {Open character of the
position in combination with the limiting d5 pawn and bishop's pair strongly
favour white's chances.} b6 {Krasenkow,M: 'So, Black is forced to create a
weakness in his camp.'} 19. O-O Nh6 20. Rfe1 Qg5 (20... Qf6 $5 21. Bf3 Rad8 22.
Be5 Qg5 23. Bxg7 Kxg7 24. Qc3+ Kg8 25. Qc7 Nf5 26. Be4 Nd6 27. Bb1 Nc8 $14) 21.
h4 Qf6 22. Bd3 {Krasenkow,M: 'White prevents 22...Nf5. Just compare the
centralized position of the white pieces with the black ones!'} Rad8 {'?!'
Krasenkow,M.} (22... Nf5 {Krasenkow,M} 23. Bxf5 gxf5 24. Qb4 $1 Rfe8 25. Be5
$18) (22... Rfd8 $142 {Krasenkow,M}) 23. Re2 (23. Rd2 Qd4 24. Re4 (24. Rxe7 Nf5
$1) 24... Qxd5 25. Rxe7 Nf5 26. Rxa7 Nxg3 27. Qxd5 Rxd5 28. fxg3 Rfd8 29. Ra3
$11) 23... Nf5 $2 {Krasenkow,M: 'Still, Black makes this move as he doesn't
see another one!'} (23... Rd7 $5 24. Bb5 Rdd8 25. Qa4 $1 (25. Re4 {Krasenkow,M}
Nf5 $140 26. Be5) 25... Nf5 26. Be5 Qxh4 27. Qxh4 Nxh4 28. Bxg7 Kxg7 29. Rxe7
$16) 24. Bxf5 gxf5 25. Qb4 (25. Qa4 $1 b5 26. Qb4 e6 27. Be5 Qg6 28. Bxg7 Qxg7
29. d6 $16) 25... Rd7 (25... e6 {Krasenkow,M} 26. d6 $18) 26. Be5 Qxe5 (26...
Qg6 27. Bxg7 Qxg7 28. Rxe7 a5 29. Qe1 Rxe7 30. Qxe7 Qxb2 31. d6 $18) 27. Rxe5
Bxe5 {Krasenkow,M: 'With his pawn on g6 (instead of f5) Black could
successfully fight for a draw but now his position is compromised as White can
attack his weakened kingside. Still, White needs accurate play to win.'} 28. g4
$1 {The technical part of the winning process is conducted on a very high
level by Malaniuk. The key is to gain access to the black king.} f4 29. Kg2 (
29. b3 Rc8 30. Qe4 $18) 29... Rc8 30. Qe4 {Krasenkow,M: 'Perhaps, giving up
the b2 pawn was not necessary.'} (30. Rd2 {Krasenkow,M}) 30... Bxb2 (30... Bd6
{Krasenkow,M} 31. g5 $40) 31. Qxf4 Rcd8 32. Qf5 Rd6 33. Rd3 Bg7 34. g5 b5 (
34... e6 {Krasenkow,M} 35. dxe6 fxe6 36. Rxd6 Rxd6 37. Qf4 $18) 35. Rf3 Rf8 36.
h5 a5 37. h6 $1 Bh8 (37... Bd4 38. Rf4 (38. Qe4 Bc5 39. Rc3 Bb4 40. Rc7 Rg6 41.
f4 Bd6 42. Rb7 f6 $1 $16) 38... Bc5 39. Re4 Rg6 40. f4 $18) 38. Re3 Rg6 (38...
Re8 39. Rxe7 $1 Rxe7 40. Qc8+ $18) 39. f4 (39. Rxe7 $6 Bf6 40. Qxf6 Rxf6 41.
gxf6 Rb8 42. d6 Kf8 43. Re5 Rb7 44. d7 Rxd7 45. Rxb5 Ke8 46. Re5+ Kd8 47. Rxa5
$18) 39... f6 40. d6 fxg5 41. Qd5+ 1-0

[Event "Budapest FS02 GM"]
[Site "Budapest"]
[Date "2000.02.13"]
[Round "9"]
[White "Wang, Rui"]
[Black "Fogarasi, Tibor"]
[Result "1-0"]
[WhiteElo "2496"]
[BlackElo "2429"]
[Annotator "Ftacnik,L"]
[PlyCount "49"]
[EventDate "2000.02.05"]
[EventType "tourn"]
[EventRounds "13"]
[EventCountry "HUN"]
[EventCategory "9"]
[SourceTitle "CBM 076"]
[Source "ChessBase"]
[SourceDate "2000.05.31"]
[SourceVersion "1"]
[SourceVersionDate "2000.05.31"]
[SourceQuality "1"]

1. d4 Nf6 2. c4 g6 3. Nf3 Bg7 4. Nc3 d5 5. cxd5 Nxd5 6. Bd2 O-O 7. e4 Nb6 8.
Be3 Bg4 9. Be2 Nc6 10. d5 Bxf3 11. gxf3 Na5 12. Bd4 c5 13. Bxg7 (13. Bxc5 Nac4
14. Bxc4 Nxc4 15. Qe2 Nxb2 16. Qxb2 Qc7 17. Bb4 (17. Qa3 Rfc8) 17... a5 $17 {
Atalik}) 13... Kxg7 14. Qc2 (14. h4 e5 15. b3 Nd7 16. Qd2 Qf6 17. Nd1 b6 18. h5
Qf4 19. Ne3 Nf6 20. h6+ Kg8 21. Qc3 Rac8 {0-1 Vaulin,A-Fogarasi,T/Zalakaros/
1999/ (45)}) (14. b3 e5 15. Qd2 Nd7 16. f4 f6 17. h4 {1/2-1/2 Raetsky,
A-Greenfeld,A/Biel/1999/ (17)}) 14... e5 15. Nd1 c4 $2 {Black faces enough
problems even without this reckless move, that makes the problem worse.
Especially the knight a5 has become even more vulnerable than before.} (15...
Nd7 16. Qc3 $1 (16. Ne3 c4 17. h4 b5 18. h5 Nb7 19. O-O-O Nd6 20. Rdg1 g5 21.
Qd2 Kh8 22. Kb1 f6 {1/2-1/2 Sokolov,I-Atalik,S/New York/1997/ (42)}) 16... a6
$6 (16... f6 17. Bb5 b6 18. Bxd7 Qxd7 19. h4) 17. f4 f6 18. f5 $1 g5 (18...
gxf5 19. Ne3 $5 fxe4 20. Bg4 b6 21. Be6 $44) 19. h4 h6 20. Ne3 Qb6 21. a3 c4
22. Rd1 Nc5 23. Qb4 $1 {1-0 Kortschnoj,V-Polgar,J/Dos Hermanas/1999/ (43)}) 16.
Qc3 Nd7 17. f4 f6 (17... Nf6 18. fxe5 Nxe4 19. Qd4 f5 20. e6+ $18) 18. f5 (18.
fxe5 Nxe5 (18... fxe5 19. Bg4 Nc5 20. Qxe5+ $18) 19. h4 $16) 18... g5 (18...
Nc5 19. Qf3 b5 20. Rg1 $16) 19. h4 h6 (19... Nc5 20. Qe3 Qe7 21. hxg5 fxg5 22.
Rc1 $18) 20. b4 $1 cxb3 21. axb3 b6 (21... Nc5 22. Qxa5 $18) 22. b4 Nb7 (22...
Rc8 23. Qh3 $18) 23. Qc6 Qc8 (23... Qe7 24. Qxb7 Qxb4+ 25. Kf1 $18) 24. Ba6 Rb8
25. Rc1 $1 {Terrible punishment, black loses material as his knights are
trapped.} (25. Rc1 $1 Qxc6 26. dxc6 Nbc5 27. bxc5 Nxc5 28. c7 $18) 1-0